[Event "Nalchik WGP 2011"]
[Site "Nalchik RUS"]
[Date "2011.10.16"]
[Round "7"]
[White "Ju Wenjun"]
[Black "Galliamova,A"]
[Result "1/2-1/2"]
[WhiteElo "2536"]
[BlackElo "2498"]

1.Nf3 d5 2.g3 c6 3.Bg2 Bf5 4.O-O Nf6 5.d3 e6 6.b3 Be7 7.Bb2 O-O 8.c4 h6 9.Nbd2 Bh7
10.Qc2 a5 11.a3 Nbd7 12.Bc3 b5 13.cxb5 cxb5 14.b4 axb4 15.Bxb4 Bxb4 16.axb4 Qb6
17.Nb3 Ra4 18.Qc3 Rfa8 19.Na5 Rxa1 20.Rxa1 Bg6 21.Rc1 Bh5 22.Qc7 Bxf3 23.Bxf3 Qd4
24.Qb7 Rb8 25.Rc8+ Rxc8 26.Qxc8+ Kh7 27.Nc6 Qc3 28.Qb7 g5 29.h3 Kg7 30.Qxb5 h5
31.g4 hxg4 32.hxg4 Nf8 33.Ne7 N8d7 34.Nc6 Nf8 35.Qc5 Qe1+ 36.Kh2 Ng6 37.Qe3 Nf4
38.b5 Qf1 39.Ne5 Qa1 40.b6 d4 41.Qd2 Qf1 42.e3 Nxg4+ 43.Nxg4 Qh3+ 44.Kg1 Qxf3
45.exf4 Qxg4+ 46.Kf1 Qh3+ 47.Ke1 Qh1+ 48.Ke2 Qh5+ 49.f3 Qh2+ 50.Kd1 Qh1+
51.Kc2 Qxf3 52.Qb4 Qe2+ 53.Kc1 Qf1+ 54.Kb2 Qe2+ 55.Ka1 Qd1+ 56.Ka2 Qc2+ 57.Ka1 Qc1+
58.Ka2 Qc2+ 59.Ka1 Qc1+ 60.Ka2 Qc2+  1/2-1/2

[Event "TCh-FIN SM-Liiga 2011-12"]
[Site "Oulu FIN"]
[Date "2011.10.16"]
[Round "4.3"]
[White "Jouhki,Y"]
[Black "Topi Hulmi,T"]
[Result "1/2-1/2"]
[WhiteElo "2282"]
[BlackElo "2279"]

1.Nf3 d5 2.g3 Nf6 3.Bg2 e6 4.O-O c5 5.d3 Nc6 6.Nbd2 Be7 7.e4 O-O 8.Re1 b5
9.exd5 exd5 10.d4 c4 11.c3 Bf5 12.Ne5 Rc8 13.a4 a6 14.axb5 axb5 15.Nf1 h6
16.Ne3 Be6 17.f4 Rc7 18.Qf3 Ne4 19.Nxc6 Rxc6 20.f5 Bc8 21.Nxd5 Qxd5 22.Qxe4 Qxe4
23.Rxe4 Bd6 24.g4 Rb6 25.Bd2 Bb7 26.Re2 b4 27.Bxb7 Rxb7 28.cxb4 Bxb4 29.Ra4 Bxd2
30.Rxd2 Rfb8 31.Rxc4 Rxb2 32.Rc8+ Kh7 33.Rxb2 Rxb2 34.d5 Rd2 35.Rd8 g6 36.Rd7 Kg7
37.fxg6 Kxg6 38.h3 f5 39.Rd6+ Kg5 40.gxf5 Kxf5 41.Kf1 Ke5 42.Rxh6  1/2-1/2

[Event "Chigorin Memorial Open"]
[Site "St Petersburg RUS"]
[Date "2011.10.16"]
[Round "3.114"]
[White "Ivanov,Sergei V."]
[Black "Paliy,V"]
[Result "1-0"]
[WhiteElo "2055"]
[BlackElo "1873"]

1.Nf3 d5 2.g3 Nf6 3.Bg2 c6 4.d3 Bf5 5.O-O e6 6.Bf4 Bd6 7.Bxd6 Qxd6 8.Nbd2 Nbd7
9.Re1 e5 10.e4 dxe4 11.dxe4 Be6 12.Qe2 O-O 13.Rad1 Rfd8 14.Nh4 Nb6 15.Nf5 Qc7
16.Qe3 Bxf5 17.exf5 Re8 18.c4 Rad8 19.b3 Qd7 20.Be4 Nxe4 21.Qxe4 Qd6 22.Qf3 Qd3
23.Qg4 h5 24.Qxh5 Qc2 25.f6 gxf6 26.Ne4 Rxd1 27.Nxf6+ Kf8 28.Rxd1 Rc8 29.Re1  1-0

[Event "Chigorin Memorial Open"]
[Site "St Petersburg RUS"]
[Date "2011.10.16"]
[Round "3.85"]
[White "Fokin,A"]
[Black "Donskov,Ana"]
[Result "0-1"]
[WhiteElo "1858"]
[BlackElo "2286"]

1.Nf3 d5 2.g3 c5 3.Bg2 Nc6 4.O-O e5 5.d3 Nf6 6.Nbd2 Be7 7.e4 O-O 8.exd5 Nxd5
9.Re1 f6 10.Nf1 Be6 11.Ne3 Nc7 12.h4 Qd7 13.Kh2 Rad8 14.Qe2 Rfe8 15.a4 Bf8
16.b3 Nd4 17.Qf1 g6 18.Bb2 Bg7 19.Nxd4 cxd4 20.Nc4 Nd5 21.Re2 Bf7 22.Qe1 b6
23.Qd2 Bf8 24.Ba3 Bxa3 25.Rxa3 Nc3 26.Re1 Kg7 27.Raa1 h6 28.f3 g5 29.hxg5 hxg5
30.Rh1 g4 31.Kg1 Rh8 32.Kf2 Bxc4 33.bxc4 a5 34.f4 Qf5 35.Kg1 Rxh1+ 36.Bxh1 exf4
37.gxf4 Re8 38.Qf2 Re3 39.Rf1 Ne2+ 40.Kg2 Qh5  0-1

[Event "Chigorin Memorial Open"]
[Site "St Petersburg RUS"]
[Date "2011.10.16"]
[Round "3.69"]
[White "Yuffa,D"]
[Black "Lagashin,P"]
[Result "1-0"]
[WhiteElo "2378"]
[BlackElo "2140"]

1.Nf3 d5 2.g3 Nf6 3.Bg2 g6 4.O-O Bg7 5.d3 O-O 6.Nbd2 c5 7.e4 dxe4 8.dxe4 Nc6
9.c3 Qd3 10.Re1 Be6 11.e5 Ng4 12.Ng5 Bf5 13.e6 fxe6 14.Be4 Qd7 15.Bxf5 exf5
16.Qb3+ Kh8 17.Nf7+ Rxf7 18.Qxf7 Nce5 19.Qb3 f4 20.Qd1 Nxf2 21.Kxf2 Qh3 22.Kg1 fxg3
23.Qe2 Nd3 24.Rf1 Nf2 25.Rxf2 gxf2+ 26.Qxf2 Rf8 27.Qe2 Rf5 28.Nf1 Be5 29.Be3 h5
30.Re1 Kg7 31.Bd2 h4 32.Qg2 Qd3 33.Ne3 Rg5 34.Qxg5 Bxh2+ 35.Kh1 Bg3 36.Qxe7+ Kg8
37.Rf1  1-0

[Event "Chigorin Memorial Open"]
[Site "St Petersburg RUS"]
[Date "2011.10.16"]
[Round "3.124"]
[White "Filin,Evgeny"]
[Black "Zheleznaykov,P"]
[Result "0-1"]
[WhiteElo "1709"]
[BlackElo "1955"]

1.Nf3 d5 2.g3 c5 3.Bg2 Nc6 4.d3 e5 5.Nbd2 Be6 6.e4 Nf6 7.O-O Be7 8.Re1 dxe4
9.Nxe4 O-O 10.Nc3 Qc7 11.h3 Rad8 12.Ng5 Bc8 13.b3 a6 14.Kh2 b5 15.Qe2 Nd4
16.Qd1 c4 17.Nce4 cxd3 18.Nxf6+ Bxf6 19.Qxd3 Bxg5 20.Bxg5 f6 21.c3 Bf5 22.Be4 Ne6
23.Bxf5 Rxd3 24.Bxe6+ Kh8 25.Be3 Rxc3 26.Rec1 Rxc1 27.Rxc1 Qb7 28.Rc5 g6
29.b4 Re8 30.Bd5 Qe7 31.Bh6 Rd8 32.Bb3 a5 33.Rxb5 axb4 34.Rb6 g5 35.h4 gxh4
36.gxh4 e4 37.Re6 Qc7+ 38.Kh3 Qc3+ 39.Kh2 Qf3 40.Re7 Qxf2+ 41.Kh1 Qxh4+  0-1

[Event "TCh-MNE 1st League"]
[Site "Tivat MNE"]
[Date "2011.10.16"]
[Round "9.4"]
[White "Bogosavljevic,B"]
[Black "Jakovljevic,Vlado"]
[Result "1/2-1/2"]
[WhiteElo "2541"]
[BlackElo "2386"]

1.Nf3 d5 2.g3 Nf6 3.Bg2 c6 4.O-O Bg4 5.d3 Nbd7 6.h3 Bh5 7.g4 Bg6 8.Nh4 e5
9.e3 Ng8 10.Nxg6 hxg6 11.Nd2 Bd6 12.e4 Ne7 13.exd5 Nxd5 14.Ne4 Nc5 15.Nxc5 Bxc5
16.Qe2 Qf6 17.Be3 Nf4 18.Bxf4 Qxf4 19.Rae1 f6 20.Qe4 Qxe4 21.Rxe4 O-O-O 22.Rc4 Bb6
23.b4 Rd4 24.Rxd4  1/2-1/2

[Event "37th Guernsey Open"]
[Site "Guernsey GCI"]
[Date "2011.10.17"]
[Round "2"]
[White "Campbell,E"]
[Black "Dijksterhuis,R"]
[Result "0-1"]
[WhiteElo "1885"]
[BlackElo "1998"]

1.Nf3 d5 2.g3 Nf6 3.Bg2 Nbd7 4.O-O e5 5.d3 Bd6 6.c4 c6 7.cxd5 cxd5 8.Nc3 d4
9.Nb5 Bb8 10.Bd2 a6 11.Qa4 O-O 12.Ba5 axb5 13.Bxd8 bxa4 14.Bxf6 Nxf6 15.Rfc1 Be6
16.Rc2 Bd6 17.Rac1 Rfc8 18.Ng5 Rxc2 19.Rxc2 Rc8 20.Rxc8+ Bxc8 21.Ne4 Nxe4
22.Bxe4 Kf8 23.a3 f5 24.Bd5 Ke7 25.h4 b5 26.h5 h6 27.Kg2 Be6 28.Bc6 Bd7 29.Bxd7 Kxd7
30.Kf3 Ke6 31.e3 dxe3 32.fxe3 Kd5 33.e4+ fxe4+ 34.dxe4+ Kd4 35.g4 Be7  0-1

[Event "US Chess League 2011"]
[Site "ICC INT"]
[Date "2011.10.17"]
[Round "8"]
[White "Panchanathan,M"]
[Black "Kacheishvili,G"]
[Result "0-1"]
[WhiteElo "2586"]
[BlackElo "2589"]

1.Nf3 d5 2.g3 Bg4 3.Bg2 Nd7 4.d4 e6 5.O-O Ngf6 6.c4 c6 7.Qb3 Qb6 8.Nc3 Be7
9.h3 Bf5 10.c5 Qc7 11.Bf4 Qc8 12.g4 Bg6 13.Nh4 O-O 14.Nxg6 hxg6 15.Qc2 Re8
16.Bg3 Bd8 17.f4 b6 18.b4 a5 19.a3 Qa6 20.b5 Qb7 21.Qa4 Rc8 22.cxb6 c5 23.Bf2 Bxb6
24.dxc5 Nxc5 25.Qd4 Nb3 26.Qxb6 Qxb6 27.Bxb6 Rxc3 28.a4 Nd7 29.Ba7 Ra8 30.Bf2 Nxa1
31.Rxa1 f5 32.Bd4 Rc4 33.e3 Rac8 34.Bf1 Rc1 35.Ra2 Rb1 36.Kf2 Nc5 37.Kg2 Ne4
38.Bd3 Rb4 39.b6 Nd6 40.Ba6 Rc6 41.Kh2 Kf7 42.gxf5 Nxf5 43.Be5 Rbxb6 44.Bb5 Rc1
45.Re2 Nd6 46.Bb2 Rb1 47.Rc2 Nxb5 48.axb5 Rxb5 49.Rc7+ Ke8 50.Bxg7 Rb7 51.Rc8+ Kd7
52.Ra8 Kc6 53.Bc3 R1b3 54.Bd4 Kb5 55.Kg3 Rb1  0-1

[Event "Indonesia Open"]
[Site "Jakarta INA"]
[Date "2011.10.17"]
[Round "6.9"]
[White "Wahono,A"]
[Black "Dreev,A"]
[Result "0-1"]
[WhiteElo "2379"]
[BlackElo "2711"]

1.Nf3 d5 2.g3 c6 3.Bg2 Bf5 4.d3 e6 5.O-O Nf6 6.b3 Be7 7.Bb2 O-O 8.Nbd2 a5
9.a3 h6 10.e3 c5 11.a4 Nc6 12.Ne5 Nb4 13.f4 Bh7 14.Kh1 Qc7 15.Nb1 Ne8 16.Na3 Nd6
17.Qg4 Bf6 18.Qe2 Rad8 19.Rad1 Qb6 20.e4 Rfe8 21.Ba1 Be7 22.Ng4 Bf8 23.Nf2 Nc6
24.Qe1 c4 25.bxc4 dxc4 26.dxc4 Qb4 27.Qc3 Qxa4 28.Ng4 e5 29.fxe5 Nxe4 30.Qf3 Ng5
31.Qf2 Rxd1 32.Rxd1 Bxa3 33.h4 Qxc2 34.Qxc2 Bxc2 35.Rd7 Ne6 36.Rxb7 Ncd4
37.Bd5 Nf5 38.Kg2 Bc5 39.Rb5 Bb4 40.Rb7 Be1 41.Rb2 Bd3  0-1

[Event "Indonesia Open"]
[Site "Jakarta INA"]
[Date "2011.10.17"]
[Round "7.11"]
[White "Grigoryan,K2"]
[Black "Dao Thien Hai"]
[Result "1/2-1/2"]
[WhiteElo "2473"]
[BlackElo "2493"]

1.Nf3 d5 2.g3 c6 3.Bg2 Bg4 4.O-O Nd7 5.d3 e6 6.Nbd2 Bc5 7.d4 Bb6 8.c4 Ngf6
9.b3 O-O 10.Bb2 Bh5 11.b4 Re8 12.Qb3 a5 13.a3 Bc7 14.Rfe1 Qb8 15.e4 dxe4
16.Nxe4 Nxe4 17.Rxe4 axb4 18.axb4 Rxa1+ 19.Bxa1 e5 20.dxe5 Bg6 21.e6 Bxe4
22.exf7+ Kxf7 23.Ng5+ Ke7 24.Qe3 Be5 25.Qxe4 Qd6 26.Qe2 Kf8 27.Qh5 Qe7 28.Nxh7+ Kg8
29.Bxe5 Nxe5 30.Be4 Qf7 31.Qd1 g6 32.Ng5 Qf6 33.h4 Nxc4 34.b5 Nd6 35.bxc6 Nxe4
36.Qd5+  1/2-1/2

[Event "5th SPICE Cup GpC"]
[Site "Lubbock USA"]
[Date "2011.10.17"]
[Round "4"]
[White "Finegold,B"]
[Black "Bartholomew,J"]
[Result "1-0"]
[WhiteElo "2489"]
[BlackElo "2440"]

1.Nf3 d5 2.g3 Bg4 3.Bg2 Nd7 4.O-O Ngf6 5.c4 e6 6.Qb3 Bxf3 7.Bxf3 Ne5 8.Qxb7 Nxc4
9.d4 c5 10.e4 dxe4 11.Bxe4 Rc8 12.Bd3 Nd6 13.Qxa7 c4 14.Qa4+ Qd7 15.Qxd7+ Kxd7
16.Bc2 Nd5 17.Nc3 Be7 18.Nxd5 exd5 19.b4 cxb3 20.Bxb3 Nc4 21.Bd1 Ra8 22.Bf3 Ra5
23.Bf4 Bd6 24.Be3 f5 25.Rfb1 Kc6 26.Rc1 Ra4 27.Bd1 Rb4 28.a4 Kd7 29.a5 Ra8
30.Bf3 Kc6 31.Bd2 Rb2 32.Rxc4+ Kb5 33.Bxd5  1-0

[Event "Nalchik WGP 2011"]
[Site "Nalchik RUS"]
[Date "2011.10.17"]
[Round "8"]
[White "Kovalevskaya,E"]
[Black "Kosteniuk,A"]
[Result "0-1"]
[WhiteElo "2421"]
[BlackElo "2469"]

1.Nf3 d5 2.g3 c6 3.Bg2 Bg4 4.O-O Nd7 5.d4 e6 6.Nbd2 Ngf6 7.Re1 Be7 8.e4 O-O
9.c3 Bh5 10.Qb3 Rb8 11.c4 Qa5 12.Qe3 Bb4 13.a3 dxc4 14.Nxc4 Qa6 15.Bd2 Be7
16.Rac1 c5 17.dxc5 Bxc5 18.Qe2 Rbc8 19.b4 Be7 20.h3 Rfd8 21.Bf4 h6 22.g4 Bg6
23.Nfe5 Nxe5 24.Bxe5 Nd7 25.Bb2 Nb6 26.Ne3 Rxc1 27.Bxc1 Qxe2 28.Rxe2 Bg5
29.Rc2 Bf4 30.Kf1 f6 31.Ke2 Be8 32.Kf3 g5 33.Bf1 a6 34.Rd2 Rc8 35.Bb2 Kf7
36.Bd4 Rd8 37.Bc3 Rxd2 38.Bxd2 Bc6 39.Bd3 Nd7 40.Bc3 b5 41.Nc2 f5 42.Ne3 Be5
43.Bd2 fxg4+ 44.Nxg4 Bg7 45.Ke2 Kg6 46.f4 Kh5 47.fxg5 hxg5 48.Nh2 Ne5 49.Ke3 Nc4+
50.Bxc4 bxc4 51.Bc1 Be5  0-1

[Event "Chigorin Memorial Open"]
[Site "St Petersburg RUS"]
[Date "2011.10.17"]
[Round "4.32"]
[White "Vastrukhin,O"]
[Black "Malakhatko,V"]
[Result "0-1"]
[WhiteElo "2361"]
[BlackElo "2543"]

1.Nf3 d5 2.g3 c6 3.Bg2 Bf5 4.O-O e6 5.d4 Nd7 6.c4 Ngf6 7.Nc3 Be7 8.Qb3 Qb6
9.c5 Qxb3 10.axb3 O-O 11.b4 a6 12.Nd2 Bc2 13.Nd1 Ne8 14.Ne3 Bg6 15.Nb3 Nc7
16.Bd2 Nb5 17.Bc3 Rab8 18.h4 Rfe8 19.f4 Bd8 20.Rae1 h5 21.Nd1 Bc7 22.Nf2 f6
23.e3 Bf5 24.e4 dxe4 25.Bxe4 Bxe4 26.Nxe4 Nf8 27.Kg2 Rbd8 28.Re3 Kf7 29.Rfe1 Ng6
30.Ned2 Re7 31.Nf3 Rde8 32.Nbd2 Kf8 33.Nc4 Nh8 34.R1e2 Nf7 35.Re1 Nh6 36.Re4 Kf7
37.R4e2 Rd8 38.Re4 Nf5 39.Ne3 Red7 40.Nxf5 exf5 41.R4e2 Ra8 42.d5 Rxd5 43.Re7+ Kf8
44.Nd4 Bd8 45.Re8+ Kf7 46.Nxb5 axb5 47.Rh8 Ra2 48.Rxh5 Rd3 49.Kh3 Bc7 50.Rxf5 Kg6
51.Kg4 Rxg3+ 52.Kxg3 Kxf5 53.Re7 Bxf4+ 54.Kf3 Bc1 55.Rxg7 Bxb2 56.Be1 Ra1
57.Bf2 Ra3+ 58.Kg2 Ra2 59.Kf3 Ra3+ 60.Kg2 Ra4 61.h5 Bc1 62.Be1 Ra2+ 63.Kf3 Ra3+
64.Kg2 Ra2+ 65.Kf3 Rh2 66.Rxb7 Rh3+ 67.Kg2 Rxh5 68.Rb6 Bf4 69.Rxc6 Be5 70.Rc8 Ke4
71.Bf2 Rh2+ 72.Kg1 Kf3 73.Be1 Rg2+ 74.Kh1 Re2  0-1

[Event "Indonesia Open"]
[Site "Jakarta INA"]
[Date "2011.10.18"]
[Round "8.13"]
[White "Wahono,A"]
[Black "Moradiabadi,E"]
[Result "1-0"]
[WhiteElo "2379"]
[BlackElo "2549"]

1.Nf3 d5 2.g3 c6 3.Bg2 Bg4 4.d3 Nd7 5.Nbd2 e6 6.c4 Bd6 7.Qc2 Ngf6 8.b3 O-O
9.Bb2 e5 10.O-O Qe7 11.e4 dxe4 12.dxe4 Ba3 13.Bc3 a5 14.h3 Bh5 15.Nh4 Rfd8
16.Nf5 Qc5 17.g4 Bg6 18.Rad1 Bb4 19.Bb2 Ba3 20.Ba1 Ne8 21.Nb1 Bb4 22.Rd3 Bxf5
23.exf5 Qe7 24.Rfd1 f6 25.a3 Bd6 26.Bc3 Nc5 27.R3d2 Bc7 28.b4 axb4 29.axb4 Na4
30.Rxd8 Bxd8 31.Be1 Nd6 32.Nd2 Nxf5 33.Ne4 Nb6 34.Nc5 Nd6 35.Bf1 Ne8 36.Bd2 Bc7
37.Be3 e4 38.Qxe4 Qxe4 39.Nxe4 Ra4 40.Bc5 Nc8 41.b5 cxb5 42.Nc3 Ra8 43.Nxb5 Bb6
44.Bxb6 Nxb6 45.c5 Na4 46.Ra1 Kf8 47.Bg2  1-0

[Event "5th SPICE Cup GpC"]
[Site "Lubbock USA"]
[Date "2011.10.18"]
[Round "7"]
[White "Altounian,L"]
[Black "Herman,Ma"]
[Result "1-0"]
[WhiteElo "2429"]
[BlackElo "2414"]

1.Nf3 d5 2.g3 Nf6 3.Bg2 c6 4.O-O Bg4 5.d4 Nbd7 6.Nbd2 e6 7.Re1 Be7 8.e4 O-O
9.c3 h6 10.a4 a5 11.Qb3 dxe4 12.Nxe4 Nxe4 13.Rxe4 Bf5 14.Re1 Qb6 15.Nd2 Qxb3
16.Nxb3 Bc2 17.Nd2 Nb6 18.b3 Rfd8 19.Bb2 Nd5 20.Rac1 Bf5 21.Nc4 Bf8 22.Red1 Bh7
23.Rd2 Bf5 24.Bf3 Bh7 25.Be2 Rdb8 26.Ne5 Rd8 27.Bh5 g6 28.Be2 Nf6 29.Bd3 Nd5
30.h4 h5 31.Rcd1 Ne7 32.f4 f6 33.Nf3 Kg7 34.c4 Bg8 35.Bc3 Kf7 36.Kf2 Bg7
37.Be4 Ke8 38.Ne1 Bf7 39.Nd3 b6 40.Bf3 Rdc8 41.Re1 Rab8 42.Bb2 Kd7 43.Nc1 Re8
44.Ne2 Kc7 45.Nc3 Rbd8 46.Ba3 Rd7 47.d5 exd5 48.cxd5 Nxd5 49.Rxe8 Bxe8 50.Nxd5+ cxd5
51.Bxd5 Kd8 52.Ke3 f5 53.Rd3 Kc7 54.Ke2 Kd8 55.Bc1 Kc7 56.Be3 Bf7 57.Bxf7 Rxf7
58.Rd5 Bf8 59.Kd3 Bb4 60.Bd4 Rd7 61.Bxb6+ Kc6 62.Rxd7 Kxd7 63.Bf2 Kc6 64.Kc4 Bd2
65.Kd3 Bb4 66.Ke2 Kd5 67.Be1 Kc5 68.Bd2 Bxd2 69.Kxd2 Kd4 70.Kc2 Ke4 71.b4 axb4
72.Kb3  1-0

[Event "Chigorin Memorial Open"]
[Site "St Petersburg RUS"]
[Date "2011.10.18"]
[Round "5.80"]
[White "Ivanov,Sergei V."]
[Black "Bazeev,G"]
[Result "0-1"]
[WhiteElo "2055"]
[BlackElo "2291"]

1.Nf3 d5 2.g3 Nf6 3.Bg2 c6 4.O-O Bg4 5.h3 Bh5 6.d3 Nbd7 7.Nc3 Bxf3 8.Bxf3 h5
9.Bg5 Nh7 10.Bd2 h4 11.g4 e5 12.e4 dxe4 13.Bxe4 Ng5 14.Bg2 Be7 15.f4 exf4
16.Bxf4 O-O 17.Kh1 Ne6 18.Bh2 Bf6 19.Qe2 Nd4 20.Qf2 Be5 21.Bxe5 Nxe5 22.Rad1 Ng6
23.Be4 Ne6 24.Qh2 Ng5 25.Rf5 Nxe4 26.Nxe4 Qb6 27.b3 Rae8 28.Rdf1 Re7 29.Qd2 Qd4
30.Qg5 Rxe4 31.dxe4 Qxe4+ 32.Kh2 Qxc2+ 33.R1f2 Qd3 34.R5f3 Qd6+ 35.Kg1 Re8
36.Qf5 Re1+ 37.Kg2 Ne5 38.Qc8+ Kh7 39.Qf5+ g6 40.Qf6 Qd5 41.Qxh4+ Kg8 42.Qg5 Rg1+  0-1

[Event "Chigorin Memorial Open"]
[Site "St Petersburg RUS"]
[Date "2011.10.18"]
[Round "5.6"]
[White "Smirnov,Arte"]
[Black "Vorobiov,E"]
[Result "0-1"]
[WhiteElo "2444"]
[BlackElo "2581"]

1.Nf3 d5 2.g3 Nf6 3.Bg2 g6 4.b3 Bg7 5.Bb2 O-O 6.c4 c6 7.O-O Bg4 8.d3 Bxf3
9.Bxf3 Nbd7 10.Nd2 e6 11.cxd5 cxd5 12.Rc1 Qa5 13.a3 Ne8 14.b4 Qb6 15.Bxg7 Nxg7
16.e4 Qd6 17.Qb3 Ne5 18.Bg2 dxe4 19.Nxe4 Qd4 20.Nf6+ Kh8 21.Qc3 Nf5 22.Bxb7 Rab8
23.Be4 Rfd8 24.Qxd4 Rxd4 25.Rc5 Nxd3 26.Ra5 Kg7 27.Bxd3 Rxd3 28.Ne4 Rd7 29.Nc5 Re7
30.Rd1 h5 31.Kg2 g5 32.h3 Rc8 33.Kf3 Rec7 34.Ne4 Kg6 35.Rd3 Rc4 36.Nc5 g4+
37.Kg2 Rc7 38.Rd8 Rc2 39.Rd3 gxh3+ 40.Kxh3 Rxf2 41.g4 hxg4+ 42.Kxg4 Rc8 43.Rxa7 Rg8
44.Ne4 Kh6+ 45.Kh3 Rf4 46.Ng3 Rh4+ 47.Kg2 Rhg4 48.Rxf7 Nxg3 49.Rf6+ Kg5 50.Rxe6 Ne4+
51.Kf3 Rf8+ 52.Ke3 Rg3+ 53.Kxe4 Rf4+  0-1

[Event "Chigorin Memorial Open"]
[Site "St Petersburg RUS"]
[Date "2011.10.18"]
[Round "5.1"]
[White "Stukopin,A"]
[Black "Lintchevski,D"]
[Result "1/2-1/2"]
[WhiteElo "2438"]
[BlackElo "2558"]

1.Nf3 d5 2.g3 Bg4 3.Bg2 c6 4.O-O Nd7 5.h3 Bxf3 6.Bxf3 Ngf6 7.b3 e5 8.c4 d4
9.d3 a5 10.Na3 Bd6 11.Nc2 O-O 12.e3 dxe3 13.Bxe3 Bc5 14.Re1 Re8 15.a3 Bxe3
16.Rxe3 Nc5 17.Rb1 e4 18.dxe4 Ncxe4 19.Bxe4 Nxe4 20.Qe1 Ng5 21.Rxe8+ Qxe8
22.Qxe8+ Rxe8 23.Kg2 Re2 24.Re1 Rxe1 25.Nxe1 Ne4 26.Nf3 Kf8 27.Kf1 Nd6 28.Nd2 c5
29.Ke2 Ke7 30.Kd3 f5 31.f3 Ke6 32.Nb1 Nc8 33.f4 Ne7 34.Nd2 Nc6 35.Nf3 h6
36.Ke3 Kf6 37.Kd3 Ke6 38.Ke3 Kf6 39.Kd3 Ke6 40.Ke3 Kf6  1/2-1/2

[Event "Chigorin Memorial Open"]
[Site "St Petersburg RUS"]
[Date "2011.10.18"]
[Round "5.103"]
[White "Minina,V"]
[Black "Kanakin,K"]
[Result "0-1"]
[WhiteElo "2120"]
[BlackElo "1944"]

1.Nf3 d5 2.g3 c6 3.c4 e6 4.Bg2 Nf6 5.O-O Bd6 6.d4 Nbd7 7.Qc2 O-O 8.Nbd2 Re8
9.b3 e5 10.dxe5 Nxe5 11.cxd5 Nxd5 12.Bb2 Nxf3+ 13.Nxf3 Qe7 14.e3 f6 15.Rfe1 Bb4
16.Red1 Bc5 17.Rac1 Nxe3 18.fxe3 Bxe3+ 19.Kh1 Bxc1 20.Rxc1 Qe2 21.Qb1 Bh3
22.Bxh3 Qxf3+ 23.Bg2 Qf2 24.Rf1 Qe2 25.Bf3 Qb5 26.Rg1 Rad8 27.Be4 f5 28.Bg2 Rd2
29.Bc3 Rd7 30.Qc1 Qd3 31.Bb4 Re2 32.Qc5 Rd8 33.a3 h6 34.Rf1 Qxb3 35.Qxf5 Qe6
36.Qc5 a6 37.Bc3 Qa2 38.Qb6 Rd7 39.Qb4 Rde7 40.Rg1 Rf7 41.Rd1 Qc2 42.Rg1 Rxg2
43.Rxg2 Qd1+  0-1

[Event "15th Unive Open"]
[Site "Hoogeveen NED"]
[Date "2011.10.19"]
[Round "6"]
[White "Hummel,J"]
[Black "Slingerland,F"]
[Result "0-1"]
[WhiteElo "2004"]
[BlackElo "2379"]

1.Nf3 d5 2.g3 c5 3.Bg2 g6 4.d4 cxd4 5.Nxd4 Bg7 6.O-O Nf6 7.c4 O-O 8.cxd5 Nxd5
9.Nb5 a6 10.N1c3 Nxc3 11.Nxc3 Nc6 12.Be3 Be6 13.Nd5 Bxb2 14.Rb1 Bg7 15.Rxb7 Rb8
16.Bb6 Qe8 17.Nc7 Qd7 18.Qa4 Nd4 19.Qxa6 Rxb7 20.Bxb7 Bg4 21.f3 Bh3 22.Rc1 Bh6
23.f4 Bg4 24.Re1 e5 25.Nd5 Bg7 26.Bxd4 exd4 27.Qc6 Rd8 28.a4 Be6 29.Nb6 Qxc6
30.Bxc6 d3 31.exd3 Bd4+ 32.Kf1 Bxb6 33.Rb1 Rb8 34.a5 Ba7 35.Rxb8+ Bxb8 36.d4 Kf8
37.d5 Bh3+ 38.Ke2 Ke7 39.Kd3 Kd6 40.Kc4 Bf1+ 41.Kb4 Ba7 42.Bb7 f5 43.Kc3 h5
44.Bc6 Bg1 45.Be8 Bxh2 46.Bxg6 Bxg3 47.Bxf5 Bxf4 48.Kd4 h4 49.Ke4 Bd2 50.Kf3 Bxa5
51.Kf2 Bc4 52.Be4 Ke5 53.Bh1 Bb6+ 54.Kg2 Bxd5+ 55.Kh2 Be6 56.Bg2 Kf4 57.Bh3 Bc4
58.Bg2 Bc7 59.Ba8 Kg4+ 60.Kh1 Kg3 61.Bc6 h3 62.Be4 Be5 63.Bb7 Bf1  0-1

[Event "15th Unive Open"]
[Site "Hoogeveen NED"]
[Date "2011.10.19"]
[Round "6"]
[White "Van Assendelft,F"]
[Black "Lorscheid,G"]
[Result "1-0"]
[WhiteElo "2376"]
[BlackElo "2277"]

1.Nf3 d5 2.g3 g6 3.Bg2 Bg7 4.c4 c6 5.O-O Nf6 6.d4 O-O 7.b3 Ne4 8.Bb2 a5 9.Nc3 Nxc3
10.Bxc3 b5 11.Rc1 Ba6 12.cxd5 cxd5 13.Ne5 e6 14.Bd2 Qb6 15.Bf4 f6 16.Nd3 Rf7
17.Qc2 Bf8 18.Bc7 Qxd4 19.Nf4 Bc8 20.Rfd1 Qa7 21.Bb6 Qxb6 22.Qxc8 Ra6 23.Nxe6 Qxe6
24.Qxb8 Rd6 25.Qxb5 d4 26.Qxa5  1-0

[Event "49th ch-IND NatA"]
[Site "Aurangabad IND"]
[Date "2011.10.20"]
[Round "12"]
[White "Venkatesh,M"]
[Black "Sundararajan,K"]
[Result "1/2-1/2"]
[WhiteElo "2479"]
[BlackElo "2474"]

1.Nf3 d5 2.g3 g6 3.Bg2 Bg7 4.d3 c5 5.Nbd2 Nc6 6.e4 e6 7.O-O Nge7 8.Re1 b6
9.c3 a5 10.e5 h6 11.h4 Qc7 12.Qe2 g5 13.hxg5 hxg5 14.g4 Ng6 15.Nf1 Ncxe5
16.Nxg5 Ba6 17.Rd1 O-O-O 18.f4 Nxd3 19.Rxd3 Nxf4 20.Bxf4 Qxf4 21.Nxe6 Bxd3
22.Nxf4 Bxe2 23.Nxe2 d4 24.cxd4 Rxd4 25.Rc1 Rxg4 26.Ne3 Rb4 27.b3 Re8 28.Kf2 Rxe3
29.Kxe3 Bh6+ 30.Kd3 Bxc1 31.Nxc1 a4 32.Kc3 axb3 33.axb3 Rh4 34.Bd5 f6 35.Ne2 Kc7
36.Kd3 b5 37.Nc3 Kd6 38.Ba8 c4+ 39.bxc4 bxc4+ 40.Ke3 f5 41.Ne2 Rh8 42.Bb7 Rb8
43.Ba6 Re8+ 44.Kf3 Kd5 45.Ng3 Rf8 46.Kf4 Kd4 47.Ne2+ Kc5 48.Ng3 Rf6 49.Bxc4 Kxc4
50.Nxf5 Kd5 51.Kg5 Ke5 52.Ne3 Rf8 53.Ng4+ Ke6 54.Nh6 Rf1 55.Ng4  1/2-1/2

[Event "15th Unive Open"]
[Site "Hoogeveen NED"]
[Date "2011.10.20"]
[Round "7"]
[White "Duijker,R"]
[Black "Donchenko,Alexa"]
[Result "0-1"]
[WhiteElo "2214"]
[BlackElo "2304"]

1.Nf3 d5 2.g3 c5 3.Bg2 Nf6 4.O-O Nc6 5.d3 g6 6.Nbd2 Bg7 7.e4 O-O 8.c3 e5
9.Re1 Re8 10.exd5 Nxd5 11.a4 h6 12.Nc4 Qc7 13.Nfxe5 Nxe5 14.Bxd5 Bg4 15.f3 Bxf3
16.Rxe5 Bxd1  0-1

[Event "Chigorin Memorial Open"]
[Site "St Petersburg RUS"]
[Date "2011.10.20"]
[Round "7.101"]
[White "Lagashin,P"]
[Black "Zheleznaykov,P"]
[Result "0-1"]
[WhiteElo "2140"]
[BlackElo "1955"]

1.Nf3 d5 2.g3 c5 3.Bg2 Nc6 4.d4 e6 5.O-O Nf6 6.c4 dxc4 7.Na3 cxd4 8.Nxc4 Be7
9.b3 O-O 10.Bb2 Bc5 11.Rc1 Qe7 12.Nxd4 Nxd4 13.Bxd4 Bxd4 14.Qxd4 Rd8 15.Qh4 e5
16.Rc3 h6 17.Re3 g5 18.Qxh6 Ng4 19.Qh5 Nxe3 20.Nxe3 Be6 21.Be4 Qf6 22.f4 exf4
23.gxf4 gxf4 24.Kh1 Kf8 25.Qc5+ Qe7 26.Qe5 Qd6 27.Qh8+ Ke7 28.Qh4+ Ke8 29.Rxf4 Rac8
30.Bxb7 Rc1+ 31.Kg2 Qe5 32.Kf2 Qc3 33.Kf3 Rf1+ 34.Kg2 Rxf4 35.Qxf4 Rd2 36.Kf2 Rxa2
37.Qd6 Qf6+ 38.Bf3 Qh4+ 39.Kg1 Ra1+ 40.Nf1 Qg5+ 41.Kf2 Bd7 42.Ng3 Qb5 43.Kg2 Ra6
44.Qd4 Qxb3 45.Be4 Rh6 46.Qxa7 Bh3+ 47.Kf2 Rf6+ 48.Bf3 Qb6+ 49.Qxb6 Rxb6
50.Nh5 Ke7 51.Nf4 Be6 52.Nxe6 fxe6 53.h3 Kf6 54.Bg4 Kg5 55.Ke3 Kf6 56.Kd4 Rb4+
57.Kc3 Ra4 58.Kd3 Ke5 59.Ke3 Ra3+ 60.Kf2 Kd5 61.Bf3+ Ke5 62.Bg4 Kf6 63.Kg2 e5
64.Kf2 Kg5 65.Kg2 Kf4 66.Kf2 e4 67.Be6 Rg3 68.Bg4 Rc3 69.Bd7 Rc2 70.Bg4 Rb2
71.Bh5 Rb3 72.Bg4 Rg3 73.Ke1 Ke3 74.Kf1 Kf4 75.Ke1 Rg2 76.Kd2 e3+ 77.Kc2 Rg1
78.Be6 Rg6 79.Bd7 Rd6 80.Bb5 Rd2+ 81.Kc3 Kg3 82.Bd3 Kf2  0-1

[Event "Chigorin Memorial Open"]
[Site "St Petersburg RUS"]
[Date "2011.10.21"]
[Round "8.36"]
[White "Vastrukhin,O"]
[Black "Sakaev,K"]
[Result "0-1"]
[WhiteElo "2361"]
[BlackElo "2609"]

1.Nf3 d5 2.g3 g6 3.Bg2 Bg7 4.O-O e5 5.c4 c6 6.cxd5 cxd5 7.Qa4+ Nc6 8.d4 e4
9.Ne5 Ne7 10.Nxc6 Nxc6 11.e3 O-O 12.Nc3 Be6 13.Bd2 Qd7 14.b4 Rfc8 15.b5 Ne7
16.Qb3 Nf5 17.Rfc1 h5 18.Ne2 g5 19.a4 Nd6 20.Bb4 Nc4 21.Nc3 h4 22.Nd1 Bh3
23.Bxh3 Qxh3 24.Nb2 Nxb2 25.Qxb2 Qg4 26.Rxc8+ Rxc8 27.Rc1 h3 28.Rxc8+ Qxc8
29.Qe2 Bf8 30.Bxf8 Kxf8 31.g4 Kg7 32.f3 Qc4 33.Kf2 Qxa4 34.fxe4 dxe4 35.Kg3 Qb3
36.Kxh3 Qd3 37.Qe1 Qxb5 38.Kg3 a5 39.h4 Qb4 40.Qa1 Qd6+ 41.Kh3 gxh4 42.Kxh4 Qh6+  0-1

[Event "33rd Arco Open"]
[Site "Arco ITA"]
[Date "2011.10.22"]
[Round "1"]
[White "Ager,J"]
[Black "Mumelter,I"]
[Result "1-0"]
[WhiteElo "2190"]
[BlackElo "1876"]

1.Nf3 d5 2.g3 Bg4 3.Bg2 c6 4.c4 Nf6 5.Qb3 Qb6 6.d3 Bxf3 7.Bxf3 dxc4 8.Qxc4 e5
9.O-O Nbd7 10.Nc3 Qb4 11.b3 Nb6 12.Qxb4 Bxb4 13.Bb2 O-O 14.Nd1 Rfe8 15.Bg2 Nbd5
16.a3 Bd6 17.e4 Nc7 18.Ne3 Nd7 19.b4 Nb6 20.f4 Na4 21.Nf5 Nxb2 22.Nxd6 Re7
23.Rab1 Na4 24.fxe5 Ne8 25.d4 Rd8 26.Nf5 Red7 27.d5 cxd5 28.exd5 Nc3 29.Rb3 Nxd5
30.Bxd5 g6 31.Nd6 Nxd6 32.exd6 Kg7 33.Rbf3 f5 34.Re3 Rxd6 35.Bxb7 R8d7 36.Bg2 Ra6
37.b5 Ra4 38.Bc6 Rd8 39.Rf4 Rxf4 40.gxf4 Kf7 41.Kf2 Rd2+ 42.Kg3 Rd4 43.Rc3 Ke7
44.Bf3 Kd7 45.Rc6 Ra4 46.Ra6 Rxa6 47.bxa6 Ke6 48.Bd1 h6 49.h4 Kf6 50.Kf3 g5
51.fxg5+ hxg5 52.h5 Ke5 53.Bc2 Kf6 54.Bd3 Ke5 55.h6 Kf6 56.Bxf5  1-0

[Event "TCh-SUI 2011"]
[Site "Lausanne SUI"]
[Date "2011.10.22"]
[Round "8.1"]
[White "Hickl,J"]
[Black "Olivier,JC"]
[Result "1/2-1/2"]
[WhiteElo "2572"]
[BlackElo "2394"]

1.g3 d5 2.Nf3 Nf6 3.Bg2 c6 4.b3 Bf5 5.Bb2 Nbd7 6.d3 e6 7.O-O Bc5 8.a3 a5
9.Nbd2 O-O 10.c4 Re8 11.Qc2 h6 12.h3 Qe7 13.Rfe1 e5 14.e4 dxe4 15.dxe4 Bh7
16.Re2 Red8 17.Qc3 Ne8 18.Nf1 Nc7 19.Ne3 Bxe4 20.Nxe5 Qxe5 21.Bxe4 Qxc3 22.Bxc3 Ne6
23.Nf5 h5 24.Rd2 g6 25.Nh4 Be7 26.Rad1 Bf6 27.Rxd7 Bxc3 28.Bc2 Rxd7 29.Rxd7 Nc5
30.Rd1 Bf6 31.Nf3 Rd8 32.Rb1 Ne6 33.Kf1 Nd4 34.Nxd4  1/2-1/2